Tiga keping wang tembaga

Bibliographic Details
Format: Book
Published: P.J : Pustaka Angsana , 1995
Series:Siri cerita klasik kanak-kanak
Subjects:

MARC

LEADER 00000cam a2200000 7i4500
001 0000006671
002 000007193
005 20000330.0
020 |a 9830210146 
090 0 0 |a JF   |b TIG 
245 0 0 |a Tiga keping wang tembaga   |c diceritakan oleh Badrul Risham Naruddin 
260 |a P.J :   |b Pustaka Angsana ,   |c 1995 
300 |a 22 p. :   |b ill. ;   |c 25 cm. 
490 0 |a Siri cerita klasik kanak-kanak 
650 0 0 |a Children's stories, Malay 
999 |a 038697   |b BUKU   |c PINJAMAN   |e PERPUSTAKAAN KOMUNITI PETALING JAYA 
999 |a 038698   |b BUKU   |c PINJAMAN   |e PERPUSTAKAAN KOMUNITI PETALING JAYA